000 01022aab a2200193 i 4500
001 768714001
003 CO-MdFUSB
005 20240327170047.0
008 240327t1988 ag ||||| |||| 00| 0 spa d
040 _bspa
_cCO-MdFUSB
041 _aspa
100 1 _aDeiros, Pablo A. (Alberto) (1945-)
_eautor
245 1 4 _aLos adoradores del sol
_c/ Pablo A. Deiros
300 _aVolumen 7, número 4 (diciembre, 1988), páginas: 33 - 38
_c; 27 cm
520 _aInt, el sol sagrado, era fundador del mundo, Era la deidad más importante, y generalmente estaba representado como un disco dorado circular con rostro humano, que brillaba en todas las direcciones. Los seres sobrenaturales incaicos eran casi totalmente protectores potenciales y amigos del hombre, que sólo castigaban con mala suerte la presencia del pecado o el olvido de las obligaciones ceremoniales.
650 7 _aCultura
_93
773 0 _tIglesia y Misión
_049402
_959672
_gVolumen 7, número 4 (diciembre, 1988), páginas: 33 - 38
_qpáginas: 33
942 _cANA
999 _c51786
_d51786